[Event "11th Dubai Open 2009"]
[Site "Dubai"]
[Date "2009.04.28"]
[Round "3.28"]
[White "De Peyer, Nick J"]
[Black "Sethuraman, S P."]
[Result "0-1"]
[WhiteElo "2179"]
[BlackElo "2451"]
[PlyCount "66"]
[EventDate "2009.04.26"]
[WhiteTeam "Iran"]
[BlackTeam "Indien"]
[WhiteTeamCountry "IRI"]
[BlackTeamCountry "IND"]

1. d4 Nf6 2. Nf3 d5 3. e3 c5 4. Bd3 Nc6 5. O-O Bg4 6. Be2 Qc7 7. b3 e6 8. Bb2
Bd6 9. h3 Bxf3 10. Bxf3 cxd4 11. exd4 O-O-O 12. Nd2 h5 13. g3 h4 14. g4 Bh2+
15. Kh1 Bf4 16. Bg2 Kb8 17. Qe2 Rhe8 18. Rfd1 e5 19. dxe5 Bxe5 20. Bxe5 Nxe5
21. Qf1 Qxc2 22. Rac1 Qd3 23. f4 Qxf1+ 24. Nxf1 Nc6 25. g5 Ne4 26. Kg1 d4 27.
Nd2 Nc3 28. Re1 Ne2+ 29. Kf2 Nxc1 30. Rxc1 Nb4 31. Bf1 Nxa2 32. Rc4 Nc3 33. Bd3
Nd1+ 0-1

[Event "11th Dubai Open 2009"]
[Site "Dubai"]
[Date "2009.04.28"]
[Round "3.29"]
[White "Kayumov, Sergey"]
[Black "Darwish, Mohamed"]
[Result "1-0"]
[WhiteElo "2450"]
[BlackElo "2119"]
[PlyCount "61"]
[EventDate "2009.04.26"]
[WhiteTeam "Iran"]
[BlackTeam "Indien"]
[WhiteTeamCountry "IRI"]
[BlackTeamCountry "IND"]

1. e4 c6 2. Nf3 d5 3. exd5 cxd5 4. Ne5 Nf6 5. d4 Nbd7 6. Bd3 Nxe5 7. dxe5 Nd7 {
Diagram #} 8. e6 Ne5 9. exf7+ Nxf7 10. Bb5+ Bd7 11. Qxd5 Bxb5 12. Qxb5+ Qd7 13.
Qxd7+ Kxd7 14. Be3 e5 15. Nc3 Bb4 16. O-O-O+ Kc6 17. Ne4 Rhd8 18. Bg5 Rd4 19.
Rxd4 exd4 20. Bf4 Re8 21. f3 Bd6 22. Bxd6 Nxd6 23. Nxd6 Kxd6 24. Kd2 Re6 25.
Re1 Rg6 26. Re2 Kd5 27. Kd3 b5 28. f4 a5 29. g3 a4 30. Re5+ Kc6 31. Kxd4 1-0

[Event "11th Dubai Open 2009"]
[Site "Dubai"]
[Date "2009.04.28"]
[Round "3.30"]
[White "Tawfeik, Moustafa"]
[Black "Girinath, P D S."]
[Result "1-0"]
[WhiteElo "2154"]
[BlackElo "2404"]
[PlyCount "59"]
[EventDate "2009.04.26"]
[WhiteTeam "Iran"]
[BlackTeam "Indien"]
[WhiteTeamCountry "IRI"]
[BlackTeamCountry "IND"]

1. Nf3 Nf6 2. b3 d6 3. Bb2 e5 4. d3 g6 5. g3 Bg7 6. Bg2 O-O 7. c4 a5 8. Nbd2
Nc6 9. c5 Re8 10. cxd6 cxd6 11. Nc4 Ra6 12. a4 Nb4 13. O-O Nd7 14. Nfd2 d5 15.
Na3 Nb8 16. Rc1 N8c6 17. Nb5 Be6 18. Ba3 Bf8 19. f4 f6 20. fxe5 fxe5 21. Bxb4
Bxb4 22. Nf3 Ra8 23. h4 h6 24. Nh2 Rc8 25. Rc2 Qd7 26. Qa1 Qg7 27. Qb2 Rf8 28.
Rcc1 Rf7 29. e3 Rcf8 30. Qe2 {47 moves} 1-0

[Event "11th Dubai Open 2009"]
[Site "Dubai"]
[Date "2009.04.28"]
[Round "3.32"]
[White "Mehdi, Samer"]
[Black "Narayanan, Srinath"]
[Result "0-1"]
[WhiteElo "2099"]
[BlackElo "2381"]
[PlyCount "54"]
[EventDate "2009.04.26"]
[WhiteTeam "Iran"]
[BlackTeam "Indien"]
[WhiteTeamCountry "IRI"]
[BlackTeamCountry "IND"]

1. e4 c5 2. Nf3 d6 3. d4 cxd4 4. Nxd4 Nf6 5. Nc3 a6 6. Be3 e5 7. Nb3 Be6 8. f4
exf4 9. Bxf4 Nc6 10. Be2 Qb6 11. Qd2 Be7 12. O-O-O O-O 13. g4 Rac8 14. g5 Nd7
15. Bxd6 Bxd6 16. Qxd6 Bxb3 17. axb3 Nde5 18. Nd5 Qf2 19. Rd2 Qg2 20. Rhd1 Qxe4
21. Bf1 Rfe8 22. Bh3 Rcd8 {Diagram #} 23. Bf5 Qh4 24. Ne7+ Kh8 25. Qc5 Rxd2 26.
Rxd2 Rxe7 27. Qa7 Qe1+ 0-1

[Event "11th Dubai Open 2009"]
[Site "Dubai"]
[Date "2009.04.28"]
[Round "3.33"]
[White "Zozulia, Anna"]
[Black "Mona, Khaled"]
[Result "1-0"]
[WhiteElo "2371"]
[BlackElo "2084"]
[PlyCount "101"]
[EventDate "2009.04.26"]
[WhiteTeam "Iran"]
[BlackTeam "Indien"]
[WhiteTeamCountry "IRI"]
[BlackTeamCountry "IND"]

1. e4 e5 2. Nf3 Nc6 3. Bb5 Nge7 4. O-O d6 5. d4 Bd7 6. Nc3 Ng6 7. h3 Be7 8. Nd5
O-O 9. c3 h6 10. Re1 Nh4 11. Nxe7+ Qxe7 12. Nxh4 Qxh4 13. d5 Nb8 14. Bxd7 Nxd7
15. Qg4 Qxg4 16. hxg4 Nc5 17. Re2 g5 18. c4 a5 19. b3 Kg7 20. g3 Rh8 21. Kg2 {
Diagram #} h5 22. Bxg5 hxg4 23. Bd2 Kg6 24. f3 gxf3+ 25. Kxf3 Rh3 26. Rf1 b6
27. Kg4 Rh7 28. Bg5 Nd7 29. Ref2 Rg8 30. Bh4 Rf8 31. Be7 Rg8 32. Rf5 f6 33.
Bxf6 Kf7+ 34. Bg5+ Ke8 35. Kf3 Rh2 36. Rf2 Rgh8 37. Bh4 Rxf2+ 38. Kxf2 Nc5 39.
Ke3 Rh7 40. Rg5 Kf7 41. Rf5+ Ke8 42. Rf6 Rg7 43. Kf3 a4 44. bxa4 Nxa4 {Diagram
#} 45. Rh6 Nb2 46. Bf6 Rd7 47. g4 Nxc4 48. g5 Nd2+ 49. Ke3 Nf1+ 50. Ke2 Ng3+
51. Kf3 1-0

[Event "11th Dubai Open 2009"]
[Site "Dubai"]
[Date "2009.04.28"]
[Round "3.34"]
[White "Johny, P I."]
[Black "Nasri, Amin"]
[Result "1/2-1/2"]
[WhiteElo "2079"]
[BlackElo "2336"]
[PlyCount "85"]
[EventDate "2009.04.26"]
[WhiteTeam "Iran"]
[BlackTeam "Indien"]
[WhiteTeamCountry "IRI"]
[BlackTeamCountry "IND"]

1. e4 e5 2. Nf3 Nf6 3. d4 Nxe4 4. Bd3 d5 5. Nxe5 Nd7 6. O-O Nxe5 7. dxe5 Nc5 8.
Be2 Be7 9. Be3 c6 10. c4 dxc4 11. Qxd8+ Kxd8 12. Bxc4 Be6 13. Nd2 Kc7 14. Bxc5
Bxc5 15. Rfd1 Rad8 16. Bxe6 fxe6 17. Nf3 h6 18. Kf1 g5 19. h3 Rhf8 20. Rxd8
Kxd8 21. Rc1 Bb6 22. Rc4 Ke8 23. h4 Bd8 24. hxg5 hxg5 25. Ke2 Be7 26. Rg4 Rf5
27. Re4 c5 28. Nh2 Kd7 29. f3 Kc6 30. Ng4 b5 31. b3 Rf8 32. Kd3 Rh8 33. Re1 a6
34. Ne3 Rh2 35. Ke4 Rh8 36. Rd1 Rh2 37. Rd2 Rh1 38. Rd1 Rh2 39. a4 Rh8 40.
axb5+ axb5 41. Ra1 Kb7 42. Rd1 Kc7 43. Ra1 1/2-1/2

[Event "11th Dubai Open 2009"]
[Site "Dubai"]
[Date "2009.04.28"]
[Round "3.35"]
[White "Bajarani, Ulvi"]
[Black "Hakimifard, Ghazal"]
[Result "1/2-1/2"]
[WhiteElo "2331"]
[BlackElo "2072"]
[PlyCount "89"]
[EventDate "2009.04.26"]
[WhiteTeam "Iran"]
[BlackTeam "Indien"]
[WhiteTeamCountry "IRI"]
[BlackTeamCountry "IND"]

1. e4 c5 2. Nf3 Nc6 3. d4 cxd4 4. Nxd4 Nf6 5. Nc3 e5 6. Ndb5 d6 7. Bg5 a6 8.
Na3 b5 9. Nd5 Be7 10. Bxf6 Bxf6 11. c4 b4 12. Nc2 a5 13. b3 O-O 14. Be2 Be6 15.
O-O Bxd5 16. cxd5 Nb8 17. Bb5 Bg5 18. a3 Qb6 19. Qd3 bxa3 20. Rxa3 Na6 21. Bxa6
Rxa6 22. Rfa1 Ra7 23. g3 g6 24. h4 Bh6 25. b4 f5 26. bxa5 Qxf2+ 27. Kxf2 fxe4+
28. Kg1 exd3 29. Rxd3 e4 30. Rda3 Bg7 31. Rb1 Rc7 32. Nb4 Bd4+ 33. Kh1 e3 34.
Ra2 Rb8 35. Kg2 Rc4 36. a6 Rcxb4 37. Rxb4 Rxb4 38. a7 Bxa7 39. Rxa7 Re4 40. Kf1
Re5 41. Ke2 Rxd5 42. Kxe3 Rf5 43. Rd7 Rf6 44. g4 h6 45. Ra7 1/2-1/2

[Event "11th Dubai Open 2009"]
[Site "Dubai"]
[Date "2009.04.28"]
[Round "3.36"]
[White "Taopa, Gilbert"]
[Black "Gurieli, Nino"]
[Result "1/2-1/2"]
[WhiteElo "2035"]
[BlackElo "2325"]
[PlyCount "59"]
[EventDate "2009.04.26"]
[WhiteTeam "Iran"]
[BlackTeam "Indien"]
[WhiteTeamCountry "IRI"]
[BlackTeamCountry "IND"]

1. e4 d6 2. d4 Nf6 3. Nc3 g6 4. Be3 a6 5. Qd2 Nc6 6. O-O-O Ng4 7. Bg5 f6 8. Bh4
Bh6 9. f4 e5 {Diagram #} 10. dxe5 dxe5 11. Qxd8+ Nxd8 12. h3 Bxf4+ 13. Kb1 g5
14. hxg4 gxh4 15. Nd5 Kf7 16. Nxf4 exf4 17. Rxh4 Ne6 18. Bc4 b5 19. Bd5 Rb8 20.
Ne2 Ke7 21. Bxe6 Bxe6 22. Nxf4 c6 23. Rdh1 Rbg8 24. Rh6 Bf7 25. R1h4 Rg5 26.
Nh5 Rd8 27. Kc1 Bg6 28. Ng3 Re5 29. Rh1 a5 30. Rd1 1/2-1/2

[Event "11th Dubai Open 2009"]
[Site "Dubai"]
[Date "2009.04.26"]
[Round "1.20"]
[White "Antonio, Viani D'cunha"]
[Black "Bachmann, Axel"]
[Result "0-1"]
[WhiteElo "2107"]
[BlackElo "2555"]
[PlyCount "90"]
[EventDate "2009.04.26"]
[WhiteTeam "Ägypten"]
[BlackTeam "Lettland"]
[WhiteTeamCountry "EGY"]
[BlackTeamCountry "LAT"]

1. e4 g6 2. d4 Bg7 3. Nc3 c6 4. Be3 d5 5. f3 dxe4 6. fxe4 Nf6 7. Be2 O-O 8. Qd2
e5 9. d5 cxd5 10. exd5 Ng4 11. Bxg4 Qh4+ 12. Qf2 Qxf2+ 13. Bxf2 Bxg4 14. h3 Bd7
15. O-O-O f5 16. Kb1 b5 17. d6 Bc6 18. Nd5 Bxd5 19. Rxd5 a6 20. Nf3 Nd7 21. Re1
Rae8 22. a4 bxa4 23. c4 e4 24. Nd2 Rb8 25. b3 axb3 26. Rc1 Rfe8 27. Be3 Re5 28.
Rxe5 Nxe5 29. c5 Nc6 30. Nc4 Rb4 31. Nb6 Kf7 32. d7 Bd4 33. Bg5 b2 34. Rc4 Rxc4
35. Nxc4 Ke6 36. d8=Q Nxd8 37. Bxd8 Kd5 38. Nxb2 Kxc5 39. Kc2 Bxb2 40. Kxb2 Kd4
41. Kc2 Ke3 42. Bb6+ Ke2 43. g3 Kf3 44. Bc7 e3 45. Bb6 Kxg3 0-1

[Event "11th Dubai Open 2009"]
[Site "Dubai"]
[Date "2009.04.26"]
[Round "1.22"]
[White "Mehdi, Samer"]
[Black "Arun Prasad, S."]
[Result "0-1"]
[WhiteElo "2099"]
[BlackElo "2552"]
[PlyCount "112"]
[EventDate "2009.04.26"]
[WhiteTeam "Ägypten"]
[BlackTeam "Lettland"]
[WhiteTeamCountry "EGY"]
[BlackTeamCountry "LAT"]

1. e4 c5 2. Nf3 e6 3. d4 cxd4 4. Nxd4 a6 5. Bd3 Bc5 6. Nb3 Ba7 7. Nc3 Nc6 8.
Bf4 d6 9. Qd2 Nge7 10. O-O-O e5 11. Be3 Bxe3 12. Qxe3 Be6 13. g3 Rc8 14. Kb1 b5
15. f4 O-O 16. Nd5 Kh8 17. Nxe7 Qxe7 18. f5 Bxb3 19. axb3 Nd4 20. Rd2 a5 21.
Be2 Qc7 22. f6 g6 23. Bd1 b4 24. h4 Ra8 25. h5 g5 26. c3 bxc3 27. bxc3 Nb5 28.
Kb2 Rfc8 29. Rd5 Nxc3 30. Rd3 Nb5 31. Qxg5 Rg8 32. Qd2 Nd4 33. g4 a4 34. b4 a3+
35. Ka1 a2 36. g5 Qc4 37. Qc3 Qxc3+ 38. Rxc3 Rxg5 39. Rc7 Kg8 40. Ba4 h6 41.
Bd1 Rg3 42. Rc1 Kf8 43. Rh2 Rg1 44. Rb2 Nb5 45. Rbc2 Ke8 46. Rc8+ Rxc8 47.
Rxc8+ Kd7 48. Rc1 Kd8 49. Kb2 Re1 50. Ra1 Kc7 51. Ba4 Rxa1 52. Kxa1 Nc3 53. Bb3
Nxe4 54. Bxf7 Nxf6 55. Kxa2 d5 56. Kb3 Kd6 0-1

[Event "11th Dubai Open 2009"]
[Site "Dubai"]
[Date "2009.04.26"]
[Round "1.23"]
[White "Kotanjian, Tigran"]
[Black "Arellano, Robert"]
[Result "1-0"]
[WhiteElo "2552"]
[BlackElo "2094"]
[PlyCount "89"]
[EventDate "2009.04.26"]
[WhiteTeam "Ägypten"]
[BlackTeam "Lettland"]
[WhiteTeamCountry "EGY"]
[BlackTeamCountry "LAT"]

1. d4 Nf6 2. c4 g6 3. Nc3 d5 4. Nf3 Bg7 5. e3 O-O 6. b4 c6 7. Bb2 Ne4 8. Qb3
Nxc3 9. Bxc3 dxc4 10. Bxc4 b5 11. Be2 Be6 12. Qc2 Nd7 13. Ng5 Nb6 14. Nxe6 fxe6
15. O-O Qd6 16. Rfd1 Na4 17. Be1 Rac8 18. Rac1 Kh8 19. h4 Nb6 20. f4 Nd5 21.
Qd2 Rfd8 22. g3 Nb6 23. Rc5 Nd7 24. Rc2 Rc7 25. Rdc1 Rdc8 26. Bf2 Nf6 27. Bf3
Nd5 28. e4 Nb6 29. e5 Qd7 30. h5 Nc4 31. Qe2 Bh6 32. hxg6 hxg6 33. Be4 Rg8 34.
Kg2 Kg7 35. Qg4 Kf7 36. Rh1 Bf8 37. Rh8 Rg7 38. Rh7 Kg8 39. Rxg7+ Bxg7 40. Qxg6
Kf8 41. Bf3 Qe8 42. Qxe6 Qf7 43. Qh3 Qg6 44. Re2 Qd3 45. Qe6 1-0

[Event "11th Dubai Open 2009"]
[Site "Dubai"]
[Date "2009.04.26"]
[Round "1.25"]
[White "Gasanov, Eldar"]
[Black "Mona, Khaled"]
[Result "1-0"]
[WhiteElo "2551"]
[BlackElo "2084"]
[PlyCount "81"]
[EventDate "2009.04.26"]
[WhiteTeam "Ägypten"]
[BlackTeam "Lettland"]
[WhiteTeamCountry "EGY"]
[BlackTeamCountry "LAT"]

1. d4 Nf6 2. c4 g6 3. Nc3 Bg7 4. e4 d6 5. Nf3 O-O 6. Be2 c5 7. O-O Bg4 8. d5 e6
9. b3 Bxf3 10. Bxf3 e5 11. Rb1 Nfd7 12. a3 f5 13. b4 Na6 14. Bd2 Nf6 15. Qa4 f4
16. Qa5 g5 17. Qxd8 Rfxd8 18. Be2 Rd7 19. g3 Re8 20. Kg2 Bh6 21. Rb2 Ree7 22.
Rfb1 Rg7 23. g4 Rge7 24. f3 Bf8 25. Na4 b6 26. bxc5 Nxc5 27. Nxc5 dxc5 28. a4
Rd6 29. a5 Rb7 30. Bd1 Nd7 31. Ba4 Nb8 32. Bc3 Bg7 33. Be1 Bf6 34. Bf2 Nd7 35.
Bc6 Rb8 36. Bxd7 Rxd7 37. axb6 axb6 38. Rxb6 Rxb6 39. Rxb6 Be7 40. Rc6 Ra7 41.
d6 1-0

[Event "11th Dubai Open 2009"]
[Site "Dubai"]
[Date "2009.04.26"]
[Round "1.26"]
[White "Johny, P I."]
[Black "Arutinian, David"]
[Result "0-1"]
[WhiteElo "2079"]
[BlackElo "2548"]
[PlyCount "64"]
[EventDate "2009.04.26"]
[WhiteTeam "Ägypten"]
[BlackTeam "Lettland"]
[WhiteTeamCountry "EGY"]
[BlackTeamCountry "LAT"]

1. e4 g6 2. d4 Bg7 3. Nc3 d6 4. Nf3 c6 5. Be2 Nf6 6. Bg5 Qc7 7. Qd2 b5 8. a3
Bg4 9. O-O Nbd7 10. e5 dxe5 11. Nxe5 Bxe2 12. Qxe2 O-O 13. Rad1 Nb6 14. Rfe1
Nfd5 15. Nxd5 cxd5 16. c3 f6 17. Nf3 fxg5 18. Nxg5 Qd7 19. Ne6 Rf6 20. Nc5 Qf5
21. f3 Nc4 22. b3 Nxa3 23. Qxe7 Rf7 24. Qd6 b4 25. Ne6 Re8 26. Nxg7 Rxe1+ 27.
Rxe1 Kxg7 28. cxb4 Nc2 29. Re5 Qd3 30. h3 Qxd4+ 31. Kh2 Qf4+ 32. Kh1 Ne3 0-1

[Event "11th Dubai Open 2009"]
[Site "Dubai"]
[Date "2009.04.26"]
[Round "1.27"]
[White "Brkic, Ante"]
[Black "Hakimifard, Ghazal"]
[Result "1-0"]
[WhiteElo "2541"]
[BlackElo "2072"]
[PlyCount "59"]
[EventDate "2009.04.26"]
[WhiteTeam "Ägypten"]
[BlackTeam "Lettland"]
[WhiteTeamCountry "EGY"]
[BlackTeamCountry "LAT"]

1. e4 c5 2. Nf3 Nc6 3. Bb5 g6 4. Bxc6 dxc6 5. d3 Bg7 6. a4 Nh6 7. a5 O-O 8.
Nbd2 Be6 9. Qe2 f6 10. Nc4 Nf7 11. Be3 b6 12. O-O Qc7 13. d4 Nd6 14. Ncd2 cxd4
15. Bxd4 Bf7 16. e5 Nb5 17. e6 Be8 18. axb6 Nxd4 19. Nxd4 Qxb6 20. N4b3 Bh6 21.
Nc4 Qc7 22. Rfd1 Bf4 23. g3 Bd6 24. Qd2 Rd8 25. Qa5 Qc8 26. Nxd6 Rxd6 27. Rxd6
exd6 28. e7 Rf7 29. Qd8 Qc7 30. Re1 1-0

[Event "11th Dubai Open 2009"]
[Site "Dubai"]
[Date "2009.04.26"]
[Round "1.29"]
[White "Ibrahimov, Rasul"]
[Black "Hannes, Diana"]
[Result "1-0"]
[WhiteElo "2537"]
[BlackElo "2061"]
[PlyCount "83"]
[EventDate "2009.04.26"]
[WhiteTeam "Ägypten"]
[BlackTeam "Lettland"]
[WhiteTeamCountry "EGY"]
[BlackTeamCountry "LAT"]

1. Nf3 c5 2. c4 Nc6 3. Nc3 g6 4. e3 d6 5. d4 Bg4 6. Be2 Bg7 7. d5 Nb4 8. O-O
Nf6 9. e4 O-O 10. Be3 Ne8 11. a3 Na6 12. Qd2 Nac7 13. b4 b6 14. bxc5 bxc5 15.
Rab1 Rb8 16. h3 Bxf3 17. Bxf3 e5 18. Rxb8 Qxb8 19. Rb1 Qc8 20. Qb2 Qa6 21. Qb3
f5 22. Qa4 Qxa4 23. Nxa4 fxe4 24. Bxe4 Nf6 25. Bd3 Rf7 26. Rb8+ Nce8 27. g4 Kf8
28. Nxc5 dxc5 29. Bxc5+ Kg8 30. g5 Bf8 31. Bxf8 Rxf8 32. gxf6 Nxf6 33. Rb7 Rf7
34. Rxf7 Kxf7 35. c5 Ke7 36. d6+ Ke6 37. Bc4+ Kd7 38. Bb5+ Ke6 39. f3 g5 40.
Kf2 h5 41. Bc6 Ng8 42. Bd5+ 1-0

[Event "11th Dubai Open 2009"]
[Site "Dubai"]
[Date "2009.04.26"]
[Round "1.30"]
[White "Yousif, Ammar Mohd"]
[Black "Hossain, Enamul"]
[Result "0-1"]
[WhiteElo "2054"]
[BlackElo "2531"]
[PlyCount "98"]
[EventDate "2009.04.26"]
[WhiteTeam "Ägypten"]
[BlackTeam "Lettland"]
[WhiteTeamCountry "EGY"]
[BlackTeamCountry "LAT"]

1. e4 c5 2. Nf3 e6 3. Nc3 a6 4. d4 cxd4 5. Nxd4 b5 6. Be3 Bb7 7. a3 d6 8. Be2
Nf6 9. Bf3 Nbd7 10. Nde2 Qc7 11. O-O Nc5 12. Ng3 Rd8 13. Qe2 Be7 14. Rfd1 O-O
15. Bd4 Ncd7 16. Rd2 Ne5 17. Bxe5 dxe5 18. Rad1 Rxd2 19. Rxd2 g6 20. Nd1 h5 21.
h3 Rd8 22. Rxd8+ Qxd8 23. Qd3 h4 24. Nf1 Nxe4 25. Bxe4 Bxe4 26. Qxe4 Qxd1 27.
Qa8+ Bf8 28. Qxa6 Qxc2 29. Qxb5 Bc5 30. Ne3 Qc1+ 31. Nf1 Bd4 32. Qe2 Bxb2 33.
a4 Bd4 34. a5 Kg7 35. a6 Qa1 36. Kh2 e4 37. Qxe4 Bxf2 38. Qe2 Bd4 39. Qe4 Bb6
40. Qd3 Qe1 41. Qf3 Bf2 42. Qd3 e5 43. Qb5 Bd4 44. a7 Qf2 45. Ne3 Qxe3 46. Qf1
Bxa7 47. Qb1 e4 48. Kh1 Qd3 49. Qe1 e3 0-1

[Event "11th Dubai Open 2009"]
[Site "Dubai"]
[Date "2009.04.26"]
[Round "1.32"]
[White "Taopa, Gilbert"]
[Black "Laxman, R R."]
[Result "0-1"]
[WhiteElo "2035"]
[BlackElo "2521"]
[PlyCount "64"]
[EventDate "2009.04.26"]
[WhiteTeam "Ägypten"]
[BlackTeam "Lettland"]
[WhiteTeamCountry "EGY"]
[BlackTeamCountry "LAT"]

1. e4 e5 2. Nf3 Nc6 3. Bb5 a6 4. Bxc6 dxc6 5. d4 exd4 6. Qxd4 Qxd4 7. Nxd4 Bd7
8. Nc3 O-O-O 9. Be3 Bb4 10. O-O-O Bxc3 11. bxc3 Ne7 12. h3 Rde8 13. Rde1 c5 14.
Nf5 Bxf5 15. exf5 Nxf5 16. Bxc5 b6 17. g4 Nh4 18. Bd4 f6 19. c4 Nf3 20. Rxe8+
Rxe8 21. Be3 c5 22. Rd1 Ne5 23. Rd3 Nxd3+ 24. cxd3 Kd7 25. a4 Kc6 26. Kd2 b5
27. axb5+ axb5 28. cxb5+ Kxb5 29. Kc3 Ra8 30. Bc1 Ra4 31. f4 c4 32. d4 Rb4 0-1

[Event "11th Dubai Open 2009"]
[Site "Dubai"]
[Date "2009.04.26"]
[Round "1.33"]
[White "Sturua, Zurab"]
[Black "Al-Housa, Khalil"]
[Result "1-0"]
[WhiteElo "2514"]
[BlackElo "2032"]
[PlyCount "63"]
[EventDate "2009.04.26"]
[WhiteTeam "Ägypten"]
[BlackTeam "Lettland"]
[WhiteTeamCountry "EGY"]
[BlackTeamCountry "LAT"]

1. Nf3 d5 2. c4 c6 3. e3 Nf6 4. Nc3 e6 5. b3 Bd6 6. Bb2 O-O 7. d4 Ne4 8. Nxe4
dxe4 9. Nd2 f5 10. Be2 Nd7 11. Qc2 Qg5 12. g3 c5 13. O-O-O cxd4 14. exd4 b6 15.
Kb1 Bb7 16. f3 Bb4 17. f4 Qe7 18. Nf1 Rac8 19. Ne3 Nf6 20. Rhg1 Nd5 21. Qc1 Bd6
22. Nc2 Nf6 23. Qd2 a5 24. a4 Rfd8 25. g4 Rd7 26. gxf5 exf5 27. d5 Ne8 28. Nd4
Qf7 29. Rg5 g6 30. Nxf5 Bf8 31. Qd4 Bg7 32. Nh6+ 1-0

[Event "11th Dubai Open 2009"]
[Site "Dubai"]
[Date "2009.04.26"]
[Round "1.34"]
[White "Tejaswini, Reddy S"]
[Black "Guliev, Sarhan"]
[Result "0-1"]
[WhiteElo "2020"]
[BlackElo "2489"]
[PlyCount "106"]
[EventDate "2009.04.26"]
[WhiteTeam "Ägypten"]
[BlackTeam "Lettland"]
[WhiteTeamCountry "EGY"]
[BlackTeamCountry "LAT"]

1. e4 e5 2. d4 exd4 3. Qxd4 Nc6 4. Qe3 g6 5. Nc3 Bg7 6. Bd2 Nf6 7. O-O-O O-O 8.
f3 Re8 9. Qg5 a6 10. Qh4 Re5 11. Nge2 Qf8 12. g4 h6 13. f4 Rxe4 14. Nxe4 Nxe4
15. Bg2 Nxd2 16. Rxd2 d6 17. h3 Be6 18. Kb1 Re8 19. Qf2 f5 20. Bd5 Bxd5 21.
Rxd5 Qf6 22. c3 Qe6 23. Qg2 Qxe2 24. Qxe2 Rxe2 25. gxf5 Ne7 26. Rdd1 Nxf5 27.
Rde1 Rxe1+ 28. Rxe1 Kf7 29. Kc2 d5 30. b4 Nd6 31. Kd3 c6 32. a4 b6 33. Rb1 Bf6
34. Rf1 Ke6 35. Rg1 Kf5 36. Rg2 Ne4 37. c4 dxc4+ 38. Kxc4 b5+ 39. Kb3 c5 40.
axb5 axb5 41. bxc5 Nxc5+ 42. Kb4 Nd3+ 43. Kxb5 Nxf4 44. Rb2 h5 45. Rf2 Ke4 46.
Rh2 g5 47. Rh1 Bd4 48. Kc4 Be3 49. Kc3 Kf3 50. Kc2 Kg2 51. Re1 Bf2 52. Re5 Nxh3
53. Kd3 h4 0-1

[Event "11th Dubai Open 2009"]
[Site "Dubai"]
[Date "2009.04.26"]
[Round "1.35"]
[White "El Taher, Fouad"]
[Black "Abtini, Hasan"]
[Result "1-0"]
[WhiteElo "2488"]
[BlackElo "1979"]
[PlyCount "69"]
[EventDate "2009.04.26"]
[WhiteTeam "Ägypten"]
[BlackTeam "Lettland"]
[WhiteTeamCountry "EGY"]
[BlackTeamCountry "LAT"]

1. e4 e5 2. Nf3 Nc6 3. Bb5 a6 4. Ba4 Nf6 5. Qe2 d6 6. c3 b5 7. Bb3 Bg4 8. h3
Bh5 9. d3 Be7 10. Nbd2 O-O 11. Nf1 Na5 12. Bc2 Re8 13. g4 Bg6 14. Ng3 c5 15.
Nh4 Nc6 16. Nhf5 Bf8 17. h4 Bxf5 18. Nxf5 g6 19. Nh6+ Kg7 20. Qf3 Qe7 21. Bg5
Nd8 22. O-O-O Ne6 23. Rdg1 Nxg5 24. hxg5 Ng8 25. Nf5+ gxf5 26. gxf5 f6 27.
gxf6+ Kxf6 28. Rxg8 Qf7 29. Qg3 Ke7 30. Qh4+ Kd7 31. Qxh7 Re7 32. Qxf7 Rxf7 33.
Kd1 Ke7 34. Rg6 Re8 35. Bb3 1-0

[Event "11th Dubai Open 2009"]
[Site "Dubai"]
[Date "2009.04.26"]
[Round "1.36"]
[White "Issa, Mohammed"]
[Black "Sundararajan, Kidambi"]
[Result "0-1"]
[WhiteElo "1977"]
[BlackElo "2487"]
[PlyCount "58"]
[EventDate "2009.04.26"]
[WhiteTeam "Ägypten"]
[BlackTeam "Lettland"]
[WhiteTeamCountry "EGY"]
[BlackTeamCountry "LAT"]

1. d4 Nf6 2. e3 g6 3. Bd3 Bg7 4. Nf3 O-O 5. Nbd2 d6 6. O-O Nbd7 7. Ne4 Nxe4 8.
Bxe4 e5 9. c3 Qe7 10. dxe5 dxe5 11. Bc2 e4 12. Nd4 Nf6 13. Qe1 c5 14. Ne2 b6
15. b3 Bb7 16. Bb2 Ng4 17. Ng3 Ba6 18. Bxe4 Rad8 19. Bf3 Bxf1 20. Nxf1 Ne5 21.
Be2 Nd3 22. Bxd3 Rxd3 23. Qe2 Rfd8 24. Rc1 Qd6 25. c4 Rd1 26. Rc2 Rb1 27. g3
Qd1 28. Kg2 Qxe2 29. Rxe2 Rxb2 0-1

[Event "11th Dubai Open 2009"]
[Site "Dubai"]
[Date "2009.05.01"]
[Round "6.1"]
[White "Malakhatko Vadim"]
[Black "Maletin Pavel"]
[Result "1/2-1/2"]
[WhiteElo "2618"]
[BlackElo "2559"]
[PlyCount "38"]
[EventDate "2009.04.26"]
[WhiteTeam "Belgien"]
[BlackTeam "Russland"]
[WhiteTeamCountry "BEL"]
[BlackTeamCountry "RUS"]

1. d4 Nf6 2. c4 e6 3. Nf3 Bb4+ 4. Nbd2 O-O 5. a3 Be7 6. e4 d5 7. Bd3 c5 8. dxc5
dxe4 9. Nxe4 Nxe4 10. Bxe4 Qxd1+ 11. Kxd1 Bxc5 12. b4 Be7 13. Kc2 a5 14. Bd2
Nd7 15. Kb3 Nf6 16. Bc2 b6 17. Be3 Rb8 18. Bf4 Ra8 19. Be3 b5 1/2-1/2

[Event "11th Dubai Open 2009"]
[Site "Dubai"]
[Date "2009.05.01"]
[Round "6.2"]
[White "Bachmann Axel"]
[Black "Guseinov Gadir"]
[Result "1/2-1/2"]
[WhiteElo "2555"]
[BlackElo "2659"]
[PlyCount "68"]
[EventDate "2009.04.26"]
[WhiteTeam "Paraguay"]
[BlackTeam "Aserbeidschan"]
[WhiteTeamCountry "PAR"]
[BlackTeamCountry "AZE"]

1. e4 c5 2. Nf3 g6 3. d4 cxd4 4. Qxd4 Nf6 5. e5 Nc6 6. Qa4 Nd5 7. Qe4 Ndb4 8.
Bb5 a6 9. Bxc6 Nxc6 10. Nc3 d6 11. exd6 Qxd6 12. Bf4 Qe6 13. Ng5 Qxe4+ 14.
Ngxe4 Bg7 15. O-O-O O-O 16. Nd5 Bf5 17. Ng3 Be6 18. Nc7 Rac8 19. Nxe6 fxe6 20.
Be3 Nb4 21. c3 Nd5 22. Rd2 Rc4 23. Kb1 Rd8 24. Ne2 b5 25. Nf4 Rd6 26. Nxd5 exd5
27. Rhd1 e6 28. Bd4 Kf7 29. Bxg7 Kxg7 30. Rd4 Rdc6 31. Kc2 Kf6 32. R1d3 Rc7 33.
Kd2 Ke5 34. f4+ Kd6 1/2-1/2

[Event "11th Dubai Open 2009"]
[Site "Dubai"]
[Date "2009.05.01"]
[Round "6.3"]
[White "Fedorov Alexei"]
[Black "Anastasian Ashot"]
[Result "1/2-1/2"]
[WhiteElo "2611"]
[BlackElo "2554"]
[PlyCount "71"]
[EventDate "2009.04.26"]
[WhiteTeam "Belarus"]
[BlackTeam "Armenien"]
[WhiteTeamCountry "BLR"]
[BlackTeamCountry "ARM"]

1. e4 e6 2. d4 d5 3. Nc3 dxe4 4. Nxe4 Bd7 5. Nf3 Bc6 6. Bd3 Nd7 7. O-O Be7 8.
Qe2 Ngf6 9. Ned2 Bxf3 10. Nxf3 O-O 11. c4 c5 12. Be3 Qc7 13. Rad1 Bd6 14. g3
Rfe8 15. Bc2 Rac8 16. a3 a5 17. Ba4 Red8 18. Bg5 cxd4 19. Rxd4 Bc5 20. Bxd7
Rxd7 21. Bxf6 gxf6 22. Rxd7 Qxd7 23. Rd1 Qc6 24. Rd2 Bb6 25. Nd4 Bxd4 26. Rxd4
a4 27. Qh5 e5 28. Rg4+ Kf8 29. Qxh7 Ke7 30. Qe4 Qd7 31. c5 Rxc5 32. Qxa4 Rc1+
33. Kg2 Qd3 34. Rg8 Qf1+ 35. Kf3 Qd3+ 36. Kg2 1/2-1/2

[Event "11th Dubai Open 2009"]
[Site "Dubai"]
[Date "2009.05.01"]
[Round "6.4"]
[White "Bocharov Dmitry"]
[Black "Kotanjian Tigran"]
[Result "1/2-1/2"]
[WhiteElo "2606"]
[BlackElo "2552"]
[PlyCount "125"]
[EventDate "2009.04.26"]
[WhiteTeam "Russland"]
[BlackTeam "Armenien"]
[WhiteTeamCountry "RUS"]
[BlackTeamCountry "ARM"]

1. c4 e6 2. g3 d5 3. Bg2 Nf6 4. Nf3 Be7 5. O-O O-O 6. b3 c5 7. Bb2 Nc6 8. e3 b6
9. Qe2 Ba6 10. d3 Qc7 11. Nbd2 Rad8 12. Rfd1 e5 13. cxd5 Nxd5 14. Nc4 Bf6 15.
Rac1 Rfe8 16. a3 Qd7 17. h4 Bb7 18. Ng5 h6 19. Ne4 Be7 20. Nxe5 Nxe5 21. Bxe5
f5 22. Ba1 Qe6 23. Qb2 Qg6 24. Nc3 Bf6 25. Qa2 Nxc3 26. Bxc3 Bxg2 27. Kxg2 Bxh4
28. b4+ Kh8 29. bxc5 bxc5 30. Qc4 Be7 31. Qf4 Bd6 32. Qf3 Be5 33. Be1 Bd6 34.
Rc4 Qe6 35. Bc3 Rd7 36. Ba1 Kh7 37. a4 Bf8 38. Rf4 g6 39. e4 Rf7 40. g4 Bg7 41.
exf5 gxf5 42. gxf5 Qe2 43. Qxe2 Rxe2 44. Kf3 Re8 45. Bxg7 Kxg7 46. Rg1+ Kh7 47.
Re4 Rxf5+ 48. Ke3 Ref8 49. f4 R8f7 50. Rb1 Rh5 51. Re5 Rh3+ 52. Ke4 Rd7 53.
Rxc5 Rhxd3 54. Rbc1 R3d4+ 55. Ke5 Rxa4 56. Rc7 Ra5+ 57. Kf6 Ra6+ 58. R1c6 Rxc6+
59. Rxc6 h5 60. Kg5 h4 61. Kxh4 Rg7 62. Kh5 Kg8 63. f5 1/2-1/2